L'Afrique du Sud en images - Statistiques

Statistiques générales
  • Ce quiz a été pris 291 fois
  • Le résultat moyen est 11 sur 18
Statistiques - réponses
Par images Hint Réponse % Correct
Homme d'affaires Elon Musk
97%
Président Nelson Mandela
97%
Ville Johannesburg
91%
Ville Le Cap
91%
Politique Apartheid
82%
Cap Cap de {Bonne}-{Espérance}
81%
Langue Afrikaans
75%
Ville Pretoria
73%
Instrument Vuvuzela
63%
Aventurier Mike Horn
60%
Peuple Zoulou
59%
Animal Springbok
46%
Désert Kalahari
40%
Conflit armé Guerre des {Boers}
32%
Monnaie Rand
30%
Fleuve Orange
28%
Parc national Kruger
21%
Parti politique Congrès National Africain
16%
Aucun quiz correspondant
Distribution des résultats
% des personnes avec chaque résultat
Percentile par nombre de réponses
Votre historique - résultats
Vous n’avez pas pris ce quiz